| 000 | 00831nam a2200265 i 4500 | ||
|---|---|---|---|
| 001 | 77495 | ||
| 003 | ES-MaACL | ||
| 005 | 20250727021733.0 | ||
| 007 | t| | ||
| 008 | 041019s2004 ag ||||1| spa d | ||
| 020 | _a950-12-2719-7 | ||
| 080 | _a39 | ||
| 080 | _a316.7 | ||
| 100 | 1 |
_aGuber, Rosana. _960374 |
|
| 245 | 1 | 3 |
_aEl salvaje metropolitano _b: reconstrucción del conocimiento social en el trabajo de campo / _cRosana Guber. |
| 250 | _a1ª ed. en Paidós. | ||
| 260 |
_aBuenos Aires : _bPaidós, _c2004. |
||
| 300 |
_a325 p. ; _c22 cm. |
||
| 490 | 1 | _aEstudios de comunicación | |
| 504 | _aBibliografía: p. 313-325. | ||
| 650 | 7 |
_aAntropología cultural y social _2embne _99867 |
|
| 830 | 0 |
_aEstudios de comunicación _9230296 |
|
| 852 |
_aES-MaACL _jL-28264 _bR.134155 |
||
| 999 |
_c77495 _d77495 |
||